[Event "Taastrup B-gruppee"]
[Site "Taastrup"]
[Date "1992.??.??"]
[Round "8"]
[White "Antonsen, Mikkel"]
[Black "Loeffler, Stefan"]
[Result "0-1"]
[WhiteElo "2390"]
[BlackElo "2285"]
[PlyCount "50"]
[EventDate "1992.02.??"]
[EventType "tourn"]
[EventRounds "9"]
[EventCountry "DEN"]
[EventCategory "4"]
[Source "ChessBase"]
[SourceDate "1992.07.01"]

1. d4 Nf6 2. c4 c5 3. d5 g6 4. Nc3 Bg7 5. e4 O-O 6. Bd3 e6 7. e5 Ne8 8. Nf3 d6
9. Bg5 Qc7 10. Nb5 Qd7 11. dxe6 Qxe6 12. Be4 dxe5 13. Bd5 Qd7 14. Qe2 Nc6 15.
Rd1 a6 16. Na3 Nc7 17. O-O Re8 18. Qe4 Nd4 19. Bxb7 f5 20. Bd5+ Kh8 21. Qh4
Nxd5 22. cxd5 Qxd5 23. Bf6 Bb7 24. Bxg7+ Kxg7 25. Nc2 Qxf3 0-1

[Event "Taastrup B-gruppee"]
[Site "Taastrup"]
[Date "1992.??.??"]
[Round "4"]
[White "Antonsen, Mikkel"]
[Black "Hartvig, Ove Weiss"]
[Result "1/2-1/2"]
[WhiteElo "2390"]
[BlackElo "2220"]
[PlyCount "83"]
[EventDate "1992.02.??"]
[EventType "tourn"]
[EventRounds "9"]
[EventCountry "DEN"]
[EventCategory "4"]
[Source "ChessBase"]
[SourceDate "1992.07.01"]

1. d4 Nf6 2. c4 c5 3. d5 b5 4. cxb5 a6 5. b6 d6 6. Nc3 Nbd7 7. a4 Qxb6 8. a5
Qc7 9. e4 g6 10. f4 Bg7 11. Nf3 O-O 12. Bc4 Rd8 13. O-O Nf8 14. Qe1 e6 15. dxe6
Bxe6 16. Bxe6 Nxe6 17. f5 Nd4 18. Bg5 Qb7 19. Nxd4 cxd4 20. Bxf6 dxc3 21. Bxg7
cxb2 22. Bxb2 Qxb2 23. Qe3 gxf5 24. exf5 Re8 25. Qg3+ Kh8 26. Rab1 Qd4+ 27. Kh1
Re3 28. Qf2 Rae8 29. Rbd1 Qe5 30. Qh4 Re4 31. Qh5 f6 32. h3 d5 33. Qf7 d4 34.
Rb1 Qe7 35. Qd5 Qe5 36. Qf7 Qe7 37. Qd5 Qe5 38. Qc6 Re3 39. Rb7 Re1 40. Qxa6
Rxf1+ 41. Qxf1 Qxa5 42. Rb1 1/2-1/2

[Event "Taastrup B-gruppee"]
[Site "Taastrup"]
[Date "1992.??.??"]
[Round "3"]
[White "Antonsen, Mikkel"]
[Black "Borge, Nikolaj"]
[Result "0-1"]
[WhiteElo "2390"]
[BlackElo "2335"]
[PlyCount "78"]
[EventDate "1992.02.??"]
[EventType "tourn"]
[EventRounds "9"]
[EventCountry "DEN"]
[EventCategory "4"]
[Source "ChessBase"]
[SourceDate "1992.07.01"]

1. d4 f5 2. Nc3 d5 3. Bg5 c6 4. Qd3 Na6 5. Nf3 Nf6 6. Ne5 e6 7. Qh3 Bd6 8. e3
O-O 9. Bxa6 Qb6 10. O-O Qxa6 11. Bxf6 Rxf6 12. f4 c5 13. Rfd1 b5 14. a4 bxa4
15. Nxa4 Qe2 16. c3 cxd4 17. exd4 a5 18. Re1 Qb5 19. Qd3 Rb8 20. Qxb5 Rxb5 21.
Nd3 h6 22. Nac5 g5 23. fxg5 hxg5 24. b4 axb4 25. cxb4 Rb8 26. Reb1 Rh6 27. g3
f4 28. Ne5 Rh7 29. b5 Rc7 30. gxf4 gxf4 31. Ned3 e5 32. b6 Rg7+ 33. Kf2 e4 34.
Ne5 Bh3 35. b7 Rg2+ 36. Ke1 f3 37. Na6 Rf8 38. b8=Q f2+ 39. Kf1 Rxh2+ 0-1

[Event "Taastrup B-gruppee"]
[Site "Taastrup"]
[Date "1992.??.??"]
[Round "1"]
[White "Antonsen, Mikkel"]
[Black "Votruba, Pavel"]
[Result "1/2-1/2"]
[WhiteElo "2390"]
[BlackElo "2360"]
[PlyCount "117"]
[EventDate "1992.02.??"]
[EventType "tourn"]
[EventRounds "9"]
[EventCountry "DEN"]
[EventCategory "4"]
[Source "ChessBase"]
[SourceDate "1992.07.01"]

1. d4 d5 2. c4 e6 3. Nc3 c6 4. e4 dxe4 5. Nxe4 Bb4+ 6. Bd2 Qxd4 7. Bxb4 Qxe4+
8. Be2 Na6 9. Bc3 Ne7 10. Nf3 O-O 11. O-O Ng6 12. Re1 Qf4 13. b4 f6 14. Rc1 Qc7
15. b5 Nb8 16. Qb3 Nf4 17. Bf1 e5 18. Bd2 Ne6 19. Qb1 Nc5 20. Bb4 b6 21. Rcd1
Bb7 22. Bxc5 bxc5 23. Qf5 Bc8 24. Qe4 Bb7 25. Qf5 Bc8 26. Qe4 Bb7 27. Qd3 a6
28. b6 Qe7 29. Qd6 Kf7 30. Qd3 g6 31. h4 Bc8 32. Qe3 Kg7 33. Rd2 Nd7 34. Rb1
Bb7 35. Qd3 Rad8 36. Rbd1 e4 37. Qd6 Qxd6 38. Rxd6 exf3 39. Rxd7+ Rxd7 40.
Rxd7+ Rf7 41. Rxf7+ Kxf7 42. gxf3 Ke6 43. a4 a5 44. f4 Kf5 45. f3 Kxf4 46. Kf2
f5 47. Bg2 h6 48. Bf1 g5 49. hxg5 hxg5 50. Bh3 Bc8 51. Bg2 Bb7 52. Bh3 Ba6 53.
Bg2 Bc8 54. Bh3 Bb7 55. Bf1 Ke5 56. Ke3 Ba6 57. Bg2 Bc8 58. Bh3 Bb7 59. Bg2
1/2-1/2

[Event "Taastrup B-gruppee"]
[Site "Taastrup"]
[Date "1992.??.??"]
[Round "6"]
[White "Antonsen, Mikkel"]
[Black "Hansen, Mads Smith"]
[Result "1-0"]
[WhiteElo "2390"]
[BlackElo "2340"]
[PlyCount "71"]
[EventDate "1992.02.??"]
[EventType "tourn"]
[EventRounds "9"]
[EventCountry "DEN"]
[EventCategory "4"]
[Source "ChessBase"]
[SourceDate "1992.07.01"]

1. d4 Nf6 2. c4 c5 3. d5 b5 4. Nf3 Bb7 5. a4 b4 6. Nbd2 g6 7. e4 d6 8. g3 Bg7
9. Bg2 Nbd7 10. O-O O-O 11. Ne1 Qc7 12. f4 Rae8 13. Nd3 e6 14. dxe6 Rxe6 15.
Nf2 Nb8 16. Qc2 Rfe8 17. Re1 Nc6 18. Nb3 Nd4 19. Nxd4 cxd4 20. Bd2 a5 21. g4
R6e7 22. g5 Nd7 23. f5 gxf5 24. exf5 Rxe1+ 25. Rxe1 Rxe1+ 26. Bxe1 Bxg2 27.
Kxg2 d5 28. Qe2 dxc4 29. Qe8+ Bf8 30. Ng4 Kg7 31. Bg3 Qb7+ 32. Kh3 Qd5 33. Nh6
c3 34. Qxd7 Bd6 35. Qd8 f6 36. Qxf6# 1-0

[Event "Taastrup B-gruppee"]
[Site "Taastrup"]
[Date "1992.??.??"]
[Round "8"]
[White "Borge, Nikolaj"]
[Black "Votruba, Pavel"]
[Result "1-0"]
[WhiteElo "2335"]
[BlackElo "2360"]
[PlyCount "63"]
[EventDate "1992.02.??"]
[EventType "tourn"]
[EventRounds "9"]
[EventCountry "DEN"]
[EventCategory "4"]
[Source "ChessBase"]
[SourceDate "1992.07.01"]

1. e4 e6 2. d4 d5 3. e5 c5 4. c3 Nc6 5. Nf3 Nge7 6. Na3 cxd4 7. cxd4 Nf5 8. Nc2
Qa5+ 9. Bd2 Qb6 10. Bc3 Be7 11. Qd2 Bd7 12. Be2 h5 13. b4 a6 14. a4 Na7 15. O-O
Kf8 16. b5 axb5 17. axb5 Qd8 18. Rfb1 g6 19. Rb2 b6 20. Bb4 Kg7 21. Rba2 Qc7
22. Ne3 Rhe8 23. Nxf5+ exf5 24. Bxe7 Rxe7 25. Ra3 Be6 26. Nh4 Qc8 27. Qg5 Rc7
28. Bxh5 f4 29. Qxf4 gxh5 30. Rg3+ Kf8 31. Nf5 Bxf5 32. Qh6+ 1-0

[Event "Taastrup B-gruppee"]
[Site "Taastrup"]
[Date "1992.??.??"]
[Round "6"]
[White "Borge, Nikolaj"]
[Black "Fedorov, Vladislav"]
[Result "1/2-1/2"]
[WhiteElo "2335"]
[BlackElo "2395"]
[PlyCount "205"]
[EventDate "1992.02.??"]
[EventType "tourn"]
[EventRounds "9"]
[EventCountry "DEN"]
[EventCategory "4"]
[Source "ChessBase"]
[SourceDate "1992.07.01"]

1. e4 e5 2. Nf3 Nc6 3. d4 exd4 4. Nxd4 Nf6 5. Nxc6 bxc6 6. e5 Qe7 7. Qe2 Nd5 8.
c4 Nb6 9. Nd2 a5 10. g3 Qe6 11. Bg2 Bb4 12. O-O Bxd2 13. Bxd2 Nxc4 14. Bc3 Ba6
15. Rfe1 Nb6 16. Qh5 Bc4 17. Be4 g6 18. Qh6 a4 19. Bg2 Rg8 20. b3 Bd5 21. Bh3
Qe7 22. Bd2 g5 23. bxa4 g4 24. Bf1 Qe6 25. Qh4 Rxa4 26. Bd3 h6 27. Bc2 Rc4 28.
Bb3 Rd4 29. Be3 Re4 30. Qxh6 Qxh6 31. Bxh6 Rxe1+ 32. Rxe1 Bxb3 33. axb3 Ke7 34.
Be3 Nd5 35. Bd4 Ke6 36. f3 gxf3 37. Kf2 Rb8 38. Rb1 Rb4 39. Bc5 Rb5 40. Bf8 Nc3
41. Re1 Rxb3 42. Kxf3 Nd5+ 43. Kg4 Ne3+ 44. Kg5 Nc4 45. Bg7 Nd2 46. Re2 Rd3 47.
Kg4 Rd4+ 48. Kh5 c5 49. Bh6 Ne4 50. Bf4 c4 51. h4 Kf5 52. Kh6 Rd3 53. Rg2 Kg4
54. Kg7 Nxg3 55. Bg5 Kf5 56. Bf6 c3 57. Kxf7 Ne4 58. h5 Rd2 59. Rg1 c2 60. Rc1
Rh2 61. Ke7 Nc5 62. h6 Ke4 63. Rxc2 Rxc2 64. h7 Rh2 65. h8=Q Rxh8 66. Bxh8 Kd5
67. Bg7 Ne6 68. Kxd7 c5 69. Bh6 c4 70. Bc1 c3 71. Ba3 Nd4 72. Bb4 c2 73. Bd2
Kxe5 74. Kc7 Nb3 75. Bc3+ Kd5 76. Bb2 Nc5 77. Bc1 Nb3 78. Bb2 Kc4 79. Kb6 Nd2
80. Bc1 Kc3 81. Kb5 Nb3 82. Ba3 Nd4+ 83. Kc5 Ne2 84. Bb4+ Kd3 85. Ba3 Nd4 86.
Bb2 Ne6+ 87. Kb4 Kd2 88. Kc4 Nf4 89. Ba3 Nd3 90. Kd4 Nf4 91. Bb2 Ne6+ 92. Kc4
Ng5 93. Kd4 Nf3+ 94. Kc4 Ne1 95. Kd4 Nd3 96. Ba3 Nf2 97. Bb2 Nd1 98. Ba3 Nc3
99. Kc4 Na4 100. Kb4 Nc3 101. Kc4 Nb1 102. Bb2 Ke2 103. Kd4 1/2-1/2

[Event "Taastrup B-gruppee"]
[Site "Taastrup"]
[Date "1992.??.??"]
[Round "4"]
[White "Borge, Nikolaj"]
[Black "Loeffler, Stefan"]
[Result "1-0"]
[WhiteElo "2335"]
[BlackElo "2285"]
[PlyCount "63"]
[EventDate "1992.02.??"]
[EventType "tourn"]
[EventRounds "9"]
[EventCountry "DEN"]
[EventCategory "4"]
[Source "ChessBase"]
[SourceDate "1992.07.01"]

1. e4 e5 2. Nf3 Nc6 3. d4 exd4 4. Nxd4 Qh4 5. Nc3 Bb4 6. Be2 Nf6 7. Ndb5 Nxe4
8. O-O Nxc3 9. Nxc7+ Kd8 10. bxc3 Bxc3 11. Nxa8 Bxa1 12. Qd5 Be5 13. g3 Qe7 14.
Bb5 Nd4 15. Ba4 d6 16. Be3 Be6 17. Qa5+ b6 18. Nxb6 Qc7 19. Rd1 axb6 20. Qa8+
Ke7 21. Qxh8 Ne2+ 22. Kg2 b5 23. Bg5+ Bf6 24. Qxg7 Qc6+ 25. f3 Bh3+ 26. Kxh3
Nf4+ 27. Kg4 Qc8+ 28. Kxf4 Qc4+ 29. Ke3 Qc3+ 30. Kf2 Qc5+ 31. Be3 Qf5 32. Qg4
1-0

[Event "Taastrup B-gruppee"]
[Site "Taastrup"]
[Date "1992.??.??"]
[Round "2"]
[White "Borge, Nikolaj"]
[Black "Dobrovolsky, Ladislav"]
[Result "1/2-1/2"]
[WhiteElo "2335"]
[BlackElo "2380"]
[PlyCount "102"]
[EventDate "1992.02.??"]
[EventType "tourn"]
[EventRounds "9"]
[EventCountry "DEN"]
[EventCategory "4"]
[Source "ChessBase"]
[SourceDate "1992.07.01"]

1. e4 e5 2. Nf3 Nc6 3. d4 exd4 4. Nxd4 Nf6 5. Nxc6 bxc6 6. e5 Ng8 7. Bd3 d5 8.
O-O Ne7 9. c4 Be6 10. Qa4 Qd7 11. Nc3 h6 12. Bf4 g5 13. Bg3 Bg7 14. Rad1 O-O
15. h4 Rfd8 16. hxg5 hxg5 17. Rd2 Bf5 18. Rfd1 Qe6 19. cxd5 cxd5 20. Nb5 Qd7
21. Bxf5 Nxf5 22. Rxd5 Qe8 23. Qg4 Rxd5 24. Rxd5 Nxg3 25. Qxg3 c6 26. Nd6 Qe6
27. Rc5 Qg6 28. Qe3 Qb1+ 29. Kh2 Qh7+ 30. Qh3 Qg6 31. Nf5 Re8 32. g4 Rxe5 33.
Rxe5 Bxe5+ 34. Kg2 Qe6 35. Qd3 Bxb2 36. Qd8+ Kh7 37. Qxg5 Be5 38. Ne7 Bg7 39.
Qh5+ Bh6 40. Nf5 Qg6 41. Qh3 c5 42. f4 c4 43. g5 c3 44. Qd3 Bf8 45. Kg3 Kg8 46.
Kg4 Qc6 47. Ne3 Qe6+ 48. f5 Qxa2 49. Qxc3 Qe2+ 50. Kf4 Qf2+ 51. Kg4 Qe2+
1/2-1/2

[Event "Taastrup B-gruppee"]
[Site "Taastrup"]
[Date "1992.??.??"]
[Round "7"]
[White "Brinck Claussen, Bjorn"]
[Black "Borge, Nikolaj"]
[Result "1/2-1/2"]
[WhiteElo "2380"]
[BlackElo "2335"]
[PlyCount "88"]
[EventDate "1992.02.??"]
[EventType "tourn"]
[EventRounds "9"]
[EventCountry "DEN"]
[EventCategory "4"]
[Source "ChessBase"]
[SourceDate "1992.07.01"]

1. e4 c5 2. Nf3 d6 3. d4 cxd4 4. Nxd4 Nf6 5. Nc3 g6 6. Be3 Bg7 7. f3 O-O 8. Bc4
Nc6 9. Qd2 Bd7 10. h4 Ne5 11. Bb3 Rc8 12. O-O-O Nc4 13. Bxc4 Rxc4 14. h5 Nxh5
15. g4 Nf6 16. Bh6 Nxe4 17. Qe3 Rxc3 18. bxc3 Nf6 19. Bxg7 Kxg7 20. Ne2 Qa5 21.
Ng3 Rc8 22. g5 Ng8 23. Ne4 Bf5 24. Qd4+ Qe5 25. Qxe5+ dxe5 26. Rd5 f6 27. Ra5
a6 28. Rc5 Bxe4 29. Rxc8 Bxf3 30. gxf6+ Nxf6 31. Rf1 Bc6 32. c4 h5 33. Rc7 Kf7
34. Kd2 h4 35. Ke2 Ke6 36. Rb1 h3 37. Kf2 g5 38. Kg3 g4 39. Rbxb7 Bxb7 40. Rxb7
Kd6 41. Rb6+ Kc5 42. Rxa6 Kxc4 43. Rb6 Ne4+ 44. Kxg4 h2 1/2-1/2

[Event "Taastrup B-gruppee"]
[Site "Taastrup"]
[Date "1992.??.??"]
[Round "5"]
[White "Brinck Claussen, Bjorn"]
[Black "Antonsen, Mikkel"]
[Result "1/2-1/2"]
[WhiteElo "2380"]
[BlackElo "2390"]
[PlyCount "32"]
[EventDate "1992.02.??"]
[EventType "tourn"]
[EventRounds "9"]
[EventCountry "DEN"]
[EventCategory "4"]
[Source "ChessBase"]
[SourceDate "1992.07.01"]

1. e4 e6 2. d4 d5 3. Nd2 Be7 4. Ngf3 Nf6 5. Bd3 c5 6. e5 Nfd7 7. c3 b6 8. Qe2
a5 9. O-O Ba6 10. c4 Nc6 11. cxd5 Bxd3 12. Qxd3 exd5 13. dxc5 Nxc5 14. Qe2 O-O
15. Nb3 Nxb3 16. axb3 Bc5 1/2-1/2

[Event "Taastrup B-gruppee"]
[Site "Taastrup"]
[Date "1992.??.??"]
[Round "3"]
[White "Brinck Claussen, Bjorn"]
[Black "Votruba, Pavel"]
[Result "1/2-1/2"]
[WhiteElo "2380"]
[BlackElo "2360"]
[PlyCount "36"]
[EventDate "1992.02.??"]
[EventType "tourn"]
[EventRounds "9"]
[EventCountry "DEN"]
[EventCategory "4"]
[Source "ChessBase"]
[SourceDate "1992.07.01"]

1. d4 c5 2. e4 e6 3. Nf3 cxd4 4. Nxd4 a6 5. Nc3 d6 6. g3 Nf6 7. Bg2 Be7 8. O-O
O-O 9. Re1 Qc7 10. a4 Nc6 11. Be3 Na5 12. Qd3 Bd7 13. b3 Rac8 14. Bd2 Rfd8 15.
h3 Nc6 16. Nxc6 Bxc6 17. Qe2 d5 18. exd5 Nxd5 1/2-1/2

[Event "Taastrup B-gruppee"]
[Site "Taastrup"]
[Date "1992.??.??"]
[Round "8"]
[White "Brinck Claussen, Bjorn"]
[Black "Hansen, Mads Smith"]
[Result "1/2-1/2"]
[WhiteElo "2380"]
[BlackElo "2340"]
[PlyCount "71"]
[EventDate "1992.02.??"]
[EventType "tourn"]
[EventRounds "9"]
[EventCountry "DEN"]
[EventCategory "4"]
[Source "ChessBase"]
[SourceDate "1992.07.01"]

1. e4 c5 2. Nf3 Nc6 3. d4 cxd4 4. Nxd4 e5 5. Nb5 a6 6. Nd6+ Bxd6 7. Qxd6 Qf6 8.
Qxf6 Nxf6 9. Nc3 d5 10. Bd3 Nb4 11. exd5 Nxd3+ 12. cxd3 Bf5 13. O-O O-O-O 14.
Bg5 Bxd3 15. Rfe1 Rhe8 16. Re3 Bg6 17. Rc1 Kb8 18. Bxf6 gxf6 19. Rce1 Re7 20.
f4 e4 21. Kf2 f5 22. Rd1 Rd6 23. Rd4 Red7 24. Re2 Bh5 25. Red2 Kc7 26. Ke3 Rd8
27. Na4 f6 28. Rc4+ Kb8 29. Nc3 Rg8 30. a4 b6 31. b4 Be8 32. a5 Kb7 33. Kd4 Bb5
34. Nxb5 axb5 35. a6+ Kxa6 36. Rc7 1/2-1/2

[Event "Taastrup B-gruppee"]
[Site "Taastrup"]
[Date "1992.??.??"]
[Round "1"]
[White "Brinck Claussen, Bjorn"]
[Black "Loeffler, Stefan"]
[Result "1-0"]
[WhiteElo "2380"]
[BlackElo "2285"]
[PlyCount "109"]
[EventDate "1992.02.??"]
[EventType "tourn"]
[EventRounds "9"]
[EventCountry "DEN"]
[EventCategory "4"]
[Source "ChessBase"]
[SourceDate "1992.07.01"]

1. e4 e5 2. Nf3 d6 3. d4 exd4 4. Nxd4 g6 5. Nc3 Bg7 6. Be3 Nf6 7. Be2 O-O 8.
Qd2 Re8 9. Bf3 c5 10. Ndb5 d5 11. Bxc5 Nbd7 12. Be3 Ne5 13. exd5 Nc4 14. Qe2
Nxe3 15. fxe3 Qb6 16. O-O-O Bd7 17. d6 Rxe3 18. Qc4 Rc8 19. Nc7 Ne8 20. Qb3
Qxb3 21. axb3 Nxd6 22. Rxd6 Rxc3 23. bxc3 Rxc7 24. Rhd1 Bf5 25. Rd8+ Bf8 26.
Rb8 Kg7 27. Kb2 b6 28. Rb7 Rxb7 29. Bxb7 a5 30. Bc6 h5 31. h3 Be7 32. Rd4 Bf6
33. Rf4 Be5 34. Rf3 Be6 35. Ka3 Bf5 36. Kb2 Be6 37. Rd3 f5 38. Ka3 f4 39. Bd7
Kf6 40. Bxe6 Kxe6 41. Ka4 Bd6 42. b4 g5 43. Kb5 g4 44. hxg4 hxg4 45. bxa5 bxa5
46. Kxa5 Bc5 47. Kb5 Bf2 48. Rd8 Ke5 49. c4 f3 50. gxf3 gxf3 51. Rf8 Ke4 52. c5
Be3 53. c6 Bf4 54. Rxf4+ Kxf4 55. c7 1-0

[Event "Taastrup B-gruppee"]
[Site "Taastrup"]
[Date "1992.??.??"]
[Round "7"]
[White "Dobrovolsky, Ladislav"]
[Black "Antonsen, Mikkel"]
[Result "0-1"]
[WhiteElo "2380"]
[BlackElo "2390"]
[PlyCount "74"]
[EventDate "1992.02.??"]
[EventType "tourn"]
[EventRounds "9"]
[EventCountry "DEN"]
[EventCategory "4"]
[Source "ChessBase"]
[SourceDate "1992.07.01"]

1. e4 e6 2. d4 d5 3. Nd2 c5 4. exd5 Qxd5 5. Ngf3 cxd4 6. Bc4 Qd6 7. O-O Nc6 8.
Nb3 Nf6 9. Nbxd4 Nxd4 10. Nxd4 a6 11. c3 Qc7 12. Bb3 Bd6 13. h3 O-O 14. Qf3 b6
15. Qxa8 Bb7 16. Qxf8+ Bxf8 17. Bd1 e5 18. Nf5 Nd5 19. Bf3 Qd7 20. Rd1 Qe6 21.
Ng3 Bc5 22. Ne4 h6 23. c4 Nb4 24. Be3 f5 25. Nd2 e4 26. Be2 Nc2 27. Rac1 Nxe3
28. fxe3 Qe5 29. Rc2 Bc6 30. Nf1 f4 31. Bg4 fxe3 32. Re2 h5 33. Bd7 Bxd7 34.
Rxd7 Qxb2 35. Ng3 h4 36. Rd8+ Kh7 37. Kf1 Qf6+ 0-1

[Event "Taastrup B-gruppee"]
[Site "Taastrup"]
[Date "1992.??.??"]
[Round "9"]
[White "Dobrovolsky, Ladislav"]
[Black "Brinck Claussen, Bjorn"]
[Result "0-1"]
[WhiteElo "2380"]
[BlackElo "2380"]
[PlyCount "118"]
[EventDate "1992.02.??"]
[EventType "tourn"]
[EventRounds "9"]
[EventCountry "DEN"]
[EventCategory "4"]
[Source "ChessBase"]
[SourceDate "1992.07.01"]

1. e4 e6 2. d4 d5 3. Nd2 c5 4. exd5 exd5 5. Ngf3 Nc6 6. Bb5 Bd6 7. dxc5 Bxc5 8.
O-O Nge7 9. Nb3 Bd6 10. Bg5 O-O 11. Re1 Qc7 12. c3 Bg4 13. h3 Bh5 14. Bxe7 Nxe7
15. Be2 a6 16. Nfd4 Bg6 17. Bf3 Rad8 18. Kh1 Rfe8 19. Nc2 Be5 20. Qe2 Bf6 21.
Nb4 Kf8 22. Qe3 a5 23. Nd3 a4 24. Nd4 a3 25. Nf4 Nf5 26. Qd2 Nxd4 27. Nxg6+
hxg6 28. Rxe8+ Rxe8 29. cxd4 Qb6 30. bxa3 Bxd4 31. Rf1 Rd8 32. a4 Bc5 33. Bxd5
Qf6 34. Kg1 b6 35. Rd1 Qf5 36. h4 Rd6 37. g3 Qg4 38. Kg2 Qxa4 39. Qe2 Qd7 40.
Qf3 Rf6 41. Bb3 Qc8 42. Qe2 Rxf2+ 43. Qxf2 Bxf2 44. Kxf2 g5 45. hxg5 Qf5+ 46.
Kg2 Qxg5 47. Rf1 f5 48. Rf4 g6 49. Rf2 Qe3 50. Bd5 Kg7 51. Bf3 Qd4 52. Re2 Kf6
53. Bb7 g5 54. Bf3 g4 55. Bb7 Qd7 56. Ba8 Kg5 57. Rf2 Qd8 58. Bb7 Qh8 59. Kg1
Qb8 0-1

[Event "Taastrup B-gruppee"]
[Site "Taastrup"]
[Date "1992.??.??"]
[Round "3"]
[White "Dobrovolsky, Ladislav"]
[Black "Loeffler, Stefan"]
[Result "1-0"]
[WhiteElo "2380"]
[BlackElo "2285"]
[PlyCount "79"]
[EventDate "1992.02.??"]
[EventType "tourn"]
[EventRounds "9"]
[EventCountry "DEN"]
[EventCategory "4"]
[Source "ChessBase"]
[SourceDate "1992.07.01"]

1. e4 c5 2. Nf3 e6 3. d4 cxd4 4. Nxd4 Nc6 5. Nc3 Qc7 6. Nxc6 dxc6 7. Bd3 e5 8.
O-O Bc5 9. Bc4 b5 10. Bb3 Nf6 11. Bg5 Bg4 12. Qd3 Qd7 13. Qg3 O-O-O 14. h3 Be6
15. Rad1 Bd4 16. Qf3 Qe7 17. a4 Bxb3 18. cxb3 a6 19. axb5 axb5 20. Ra1 Kb7 21.
Be3 Qe6 22. Ne2 c5 23. Bxd4 cxd4 24. Nc1 Nd7 25. b4 Ra8 26. Nb3 Rxa1 27. Rxa1
Rc8 28. Nc5+ Nxc5 29. bxc5 b4 30. Ra5 Qc4 31. c6+ Rxc6 32. Rxe5 d3 33. Rd5 Qc1+
34. Kh2 Rf6 35. Qxd3 Qf4+ 36. Qg3 Qxe4 37. Qxg7 Rxf2 38. Rd7+ Ka6 39. Qh6+ Kb5
40. Qh5+ 1-0

[Event "Taastrup B-gruppee"]
[Site "Taastrup"]
[Date "1992.??.??"]
[Round "5"]
[White "Dobrovolsky, Ladislav"]
[Black "Votruba, Pavel"]
[Result "1/2-1/2"]
[WhiteElo "2380"]
[BlackElo "2360"]
[PlyCount "22"]
[EventDate "1992.02.??"]
[EventType "tourn"]
[EventRounds "9"]
[EventCountry "DEN"]
[EventCategory "4"]
[Source "ChessBase"]
[SourceDate "1992.07.01"]

1. c4 e6 2. d4 d5 3. Nf3 Nf6 4. cxd5 exd5 5. Nc3 c6 6. Bg5 Be7 7. e3 Bf5 8. Bd3
Bxd3 9. Qxd3 Nbd7 10. O-O O-O 11. Bxf6 Bxf6 1/2-1/2

[Event "Taastrup B-gruppee"]
[Site "Taastrup"]
[Date "1992.??.??"]
[Round "7"]
[White "Fedorov, Vladislav"]
[Black "Votruba, Pavel"]
[Result "1/2-1/2"]
[WhiteElo "2395"]
[BlackElo "2360"]
[PlyCount "47"]
[EventDate "1992.02.??"]
[EventType "tourn"]
[EventRounds "9"]
[EventCountry "DEN"]
[EventCategory "4"]
[Source "ChessBase"]
[SourceDate "1992.07.01"]

1. e4 e6 2. d4 d5 3. Nd2 dxe4 4. Nxe4 Nd7 5. Nf3 Ngf6 6. Nxf6+ Nxf6 7. Bd3 b6
8. O-O Bb7 9. b3 Be7 10. Bb2 O-O 11. c4 Nh5 12. Re1 Nf4 13. Bf1 Bf6 14. Ne5 Ng6
15. Nxg6 hxg6 16. Qc2 Qd7 17. Rad1 Rad8 18. b4 a6 19. a4 Qd6 20. Qb3 Qf4 21.
Qe3 g5 22. b5 axb5 23. axb5 Rd7 24. g3 1/2-1/2

[Event "Taastrup B-gruppee"]
[Site "Taastrup"]
[Date "1992.??.??"]
[Round "2"]
[White "Fedorov, Vladislav"]
[Black "Brinck Claussen, Bjorn"]
[Result "1-0"]
[WhiteElo "2395"]
[BlackElo "2380"]
[PlyCount "43"]
[EventDate "1992.02.??"]
[EventType "tourn"]
[EventRounds "9"]
[EventCountry "DEN"]
[EventCategory "4"]
[Source "ChessBase"]
[SourceDate "1992.07.01"]

1. e4 e6 2. d4 d5 3. Nd2 c5 4. Ngf3 Nc6 5. exd5 exd5 6. Bb5 Bd6 7. dxc5 Bxc5 8.
Nb3 Bd6 9. O-O Nge7 10. Bg5 O-O 11. Bh4 Qb6 12. Bd3 a5 13. a4 Nb4 14. Nbd4 Nxd3
15. Qxd3 Ng6 16. Bg3 Bxg3 17. hxg3 Bg4 18. Qb5 Qc7 19. Qxd5 Rad8 20. Qb3 Ne5
21. Nxe5 Rxd4 22. Qe3 1-0

[Event "Taastrup B-gruppee"]
[Site "Taastrup"]
[Date "1992.??.??"]
[Round "4"]
[White "Fedorov, Vladislav"]
[Black "Dobrovolsky, Ladislav"]
[Result "1-0"]
[WhiteElo "2395"]
[BlackElo "2380"]
[PlyCount "76"]
[EventDate "1992.02.??"]
[EventType "tourn"]
[EventRounds "9"]
[EventCountry "DEN"]
[EventCategory "4"]
[Source "ChessBase"]
[SourceDate "1992.07.01"]

1. e4 e5 2. Nf3 Nc6 3. d4 exd4 4. Nxd4 Bc5 5. Be3 Qf6 6. c3 Nge7 7. Bc4 O-O 8.
O-O Qg6 9. Nxc6 Qxc6 10. Bxc5 Qxc5 11. Qd4 Qh5 12. Nd2 b5 13. Bb3 d6 14. f4 Qh6
15. Qf2 c5 16. a4 Bd7 17. axb5 Bxb5 18. Bc4 a6 19. Rfe1 Bxc4 20. Nxc4 d5 21.
Ne5 Rfc8 22. exd5 Nxd5 23. g3 Qb6 24. Ra2 Nf6 25. Nc4 Qc6 26. Qg2 Kf8 27. Qxc6
Rxc6 28. Kf2 Rd8 29. h3 h5 30. Rc1 h4 31. g4 Nd5 32. Kf3 Nb6 33. Ne5 Rcd6 34.
g5 a5 35. Kg4 Rd1 36. Rxd1 Rxd1 37. f5 a4 38. Kxh4 Nd7 1-0

[Event "Taastrup B-gruppee"]
[Site "Taastrup"]
[Date "1992.??.??"]
[Round "9"]
[White "Fedorov, Vladislav"]
[Black "Antonsen, Mikkel"]
[Result "1/2-1/2"]
[WhiteElo "2395"]
[BlackElo "2390"]
[PlyCount "31"]
[EventDate "1992.02.??"]
[EventType "tourn"]
[EventRounds "9"]
[EventCountry "DEN"]
[EventCategory "4"]
[Source "ChessBase"]
[SourceDate "1992.07.01"]

1. e4 e6 2. d4 d5 3. Nd2 c5 4. Ngf3 cxd4 5. Nxd4 Nf6 6. e5 Nfd7 7. N2f3 Be7 8.
Bd3 Nc5 9. O-O O-O 10. Re1 Nxd3 11. Qxd3 Na6 12. c3 Nc5 13. Qc2 Bd7 14. Qe2 Rb8
15. Nb3 Na4 16. Be3 1/2-1/2

[Event "Taastrup B-gruppee"]
[Site "Taastrup"]
[Date "1992.??.??"]
[Round "9"]
[White "Hansen, Mads Smith"]
[Black "Borge, Nikolaj"]
[Result "0-1"]
[WhiteElo "2340"]
[BlackElo "2335"]
[PlyCount "56"]
[EventDate "1992.02.??"]
[EventType "tourn"]
[EventRounds "9"]
[EventCountry "DEN"]
[EventCategory "4"]
[Source "ChessBase"]
[SourceDate "1992.07.01"]

1. e4 c5 2. Nf3 d6 3. d4 cxd4 4. Nxd4 Nf6 5. Nc3 g6 6. Be3 Bg7 7. f3 O-O 8. Qd2
Nc6 9. Bc4 Bd7 10. O-O-O Ne5 11. Bb3 Rc8 12. Bg5 Nc4 13. Bxc4 Rxc4 14. e5 dxe5
15. Nde2 Rc7 16. Bxf6 Bxf6 17. Nd5 Bf5 18. g4 Rxc2+ 19. Qxc2 Bg5+ 20. Kb1 Bxc2+
21. Kxc2 Qc8+ 22. Kb1 e6 23. Ndc3 Rd8 24. Ne4 Rxd1+ 25. Rxd1 Bh4 26. g5 h6 27.
gxh6 Kh7 28. N2c3 Be7 0-1

[Event "Taastrup B-gruppee"]
[Site "Taastrup"]
[Date "1992.??.??"]
[Round "7"]
[White "Hansen, Mads Smith"]
[Black "Hartvig, Ove Weiss"]
[Result "1-0"]
[WhiteElo "2340"]
[BlackElo "2220"]
[PlyCount "61"]
[EventDate "1992.02.??"]
[EventType "tourn"]
[EventRounds "9"]
[EventCountry "DEN"]
[EventCategory "4"]
[Source "ChessBase"]
[SourceDate "1992.07.01"]

1. d4 Nf6 2. Bg5 c5 3. Bxf6 gxf6 4. d5 d6 5. c4 f5 6. Nc3 Bg7 7. e3 O-O 8. Bd3
e5 9. Nge2 e4 10. Bc2 Nd7 11. O-O Ne5 12. b3 Qg5 13. Kh1 Kh8 14. Qd2 Rg8 15.
Nf4 Ng4 16. Rae1 Be5 17. h3 Qh6 18. Nce2 Bd7 19. f3 Nf6 20. Rf2 Rg7 21. Ref1 b6
22. Nc3 Re8 23. fxe4 Bxf4 24. Rxf4 Nh5 25. exf5 Ng3+ 26. Kg1 Nxf1 27. Kxf1 f6
28. Ne4 Rge7 29. Nxd6 Rxe3 30. Nf7+ Kg7 31. Nxh6 1-0